Training refugee mental health providers: ethnography as a bridge to multicultural practice (Record no. 61421)

000 -LEADER
fixed length control field 00410pab a2200145 454500
008 - FIXED-LENGTH DATA ELEMENTS--GENERAL INFORMATION
fixed length control field 180718b2004 xxu||||| |||| 00| 0 eng d
100 ## - MAIN ENTRY--PERSONAL NAME
Personal name Gozdziak, Elzbieta M.
245 ## - TITLE STATEMENT
Title Training refugee mental health providers: ethnography as a bridge to multicultural practice
260 ## - PUBLICATION, DISTRIBUTION, ETC.
Date of publication, distribution, etc. 2004
300 ## - PHYSICAL DESCRIPTION
Extent p.203-10.
362 ## - DATES OF PUBLICATION AND/OR SEQUENTIAL DESIGNATION
Dates of publication and/or sequential designation Summer
650 ## - SUBJECT ADDED ENTRY--TOPICAL TERM
Topical term or geographic name entry element Mental health
773 ## - HOST ITEM ENTRY
Main entry heading Human Organization
909 ## -
-- 61421
Holdings
Withdrawn status Lost status Damaged status Not for loan Permanent Location Current Location Date acquired Serial Enumeration / chronology Barcode Date last seen Price effective from Koha item type
        Indian Institute of Public Administration Indian Institute of Public Administration 2018-07-19 Volume no: 63, Issue no: 2 AR61867 2018-07-19 2018-07-19 Articles

Powered by Koha